| 000 | 00375pam a2200145 a 4500 | ||
|---|---|---|---|
| 020 |
_a978-81-804-093-9 _c |
||
| 041 | _h | ||
| 082 |
_a647.940682 _bGUP |
||
| 100 | _aProf R.C Gupta. | ||
| 245 |
_aText book of hotel engineering _hTextual Documents |
||
| 250 |
_a1st ed / _b2015. |
||
| 260 |
_anew delhi _bAMAN PUBLICATIONS PRIVATE LIMITED |
||
| 300 | _a217. | ||
| 930 | _a6248 | ||
| 999 |
_c233645 _d233645 |
||